| 000 | 00432nam a2200157Ia 4500 | ||
|---|---|---|---|
| 008 | 210716s2001 xx 000 0 und d | ||
| 020 | _a8177221965 | ||
| 041 | _aeng | ||
| 082 | _a005.133 JONJ | ||
| 100 | _aJones, Jacqueline;Harrow Keith. | ||
| 245 |
_aC programming: with problem solving. _bWith problem solving. |
||
| 250 | _a1 | ||
| 260 |
_aNew Delhi _bDreamtech Press _c2001 |
||
| 300 | _axii,756 | ||
| 650 | _aC++ Progamming | ||
| 999 |
_c185054 _d185054 |
||